000 00664nam a2200181Ia 4500
008 100920s9999 xx 000 0 und d
082 _b31796
_a410 थ 76
100 _aआपटे वामन शिवराम.
245 _aवि.स. खांडेकर ओळख व अभ्यास.
260 _bश्री गणराज प्रकाशन.
_c1976
300 _a92
_bसाधी
365 _b6
520 _aभाषा.
630 _aवि.स. खांडेकर ओळख व अभ्यास.
650 _aभाषा.
730 _aवि.स. खांडेकर ओळख व अभ्यास.
942 _cBOOK
999 _c686916
_d686913